[Event "Mittelfranken EM 2021"]
[Site "Nürnberg"]
[Date "2021.07.11"]
[Round "7.5"]
[White "Erlbeck, Peter"]
[Black "Mueller, Christian"]
[Result "0-1"]
[WhiteElo "2070"]
[BlackElo "1946"]
[PlyCount "92"]
[EventDate "2021.??.??"]
[WhiteTeam "SW Nuernberg Sued"]
[BlackTeam "SW Nuernberg Sued"]

1. e4 c5 2. Nc3 Nc6 3. f4 g6 4. Nf3 Bg7 5. Bc4 e6 6. f5 Nge7 7. fxe6 fxe6 8. d3
d5 9. Bb3 b5 10. a3 c4 11. Ba2 Qb6 12. dxc4 dxc4 13. Bg5 h6 14. Bh4 Bxc3+ 15.
bxc3 Qe3+ 16. Qe2 Qxc3+ 17. Kf2 Rf8 18. Bxe7 Kxe7 19. Rhc1 Ne5 20. h3 Qxa3 21.
Qe3 Qxe3+ 22. Kxe3 Nxf3 23. gxf3 e5 24. Rd1 Be6 25. h4 Rf4 26. Rg1 Bf7 27. Rh1
a5 28. c3 b4 29. Bxc4 Bxc4 30. cxb4 a4 31. Rhc1 Bb3 32. Rc7+ Kd6 33. Rac1 Ra6
34. b5 Rb6 35. Ra7 Rf7 36. Ra8 Rc7 37. Rg1 Kc5 38. Rc1+ Kd6 39. Rg1 Rc3+ 40.
Kd2 Rc2+ 41. Kd3 Kc5 42. Ra6 Kxb5 43. Rxb6+ Kxb6 44. Rxg6+ Rc6 45. Rg1 Kb5 46.
Rg2 Kb4 0-1

[Event "Mittelfranken EM 2021"]
[Site "Nürnberg"]
[Date "2021.07.11"]
[Round "7.6"]
[White "Kotz, Reinhard"]
[Black "Albayrak, Atilla"]
[Result "1-0"]
[WhiteElo "2163"]
[BlackElo "1632"]
[PlyCount "55"]
[EventDate "2021.??.??"]
[WhiteTeam "SK Herzogenaurach"]
[BlackTeam "SC NT Nuernberg"]

1. e4 c5 2. d4 cxd4 3. c3 dxc3 4. Nxc3 g6 5. Bc4 Bg7 6. Qb3 e6 7. Nb5 d6 8. Bf4
Qa5+ 9. Bd2 Qb6 10. Bb4 Be5 11. Rd1 Ne7 12. Nf3 Na6 13. Bxd6 Bxd6 14. Nxd6+ Kf8
15. Qc3 Qb4 16. Qxb4 Nxb4 17. Ng5 f5 18. O-O fxe4 19. Ndxe4 Nbd5 20. Nc5 Nb6
21. Bb3 Kg7 22. Rfe1 e5 23. Rxe5 Kf6 24. f4 h6 25. Nce4+ Kg7 26. Rxe7+ Kf8 27.
Rf7+ Ke8 28. Nf6# 1-0

[Event "Mittelfranken EM 2021"]
[Site "Nürnberg"]
[Date "2021.07.11"]
[Round "7.8"]
[White "Hofmann, Tim"]
[Black "Albayrak, Aylin"]
[Result "1-0"]
[WhiteElo "1793"]
[BlackElo "1689"]
[PlyCount "79"]
[EventDate "2021.??.??"]
[WhiteTeam "SW Nuernberg Sued"]
[BlackTeam "SC NT Nuernberg"]

1. e4 c5 2. Nc3 Nc6 3. g3 e6 4. Bg2 Nf6 5. Nge2 Be7 6. O-O O-O 7. d4 cxd4 8.
Nxd4 a6 9. Re1 Qc7 10. Nxc6 bxc6 11. e5 Nd5 12. Na4 Rd8 13. b3 Rb8 14. Bb2 Nb6
15. Nxb6 Qxb6 16. Qg4 Bc5 17. Re2 a5 18. Rd2 Qa7 19. Bd4 Rb4 20. Rad1 Bxd4 21.
Rxd4 c5 22. Qg5 Qc7 23. Rd6 Kf8 24. f4 h6 25. Qh5 c4 26. Kh1 cxb3 27. cxb3 a4
28. Qf3 Bb7 29. Qd3 Bxg2+ 30. Kxg2 Ke7 31. bxa4 g6 32. Qa3 Qb7+ 33. Kh3 g5 34.
R6d4 g4+ 35. Kxg4 Qg2 36. Qxb4+ Ke8 37. Qd2 h5+ 38. Kh4 Qf3 39. Kh3 h4 40. Rxd7
1-0

[Event "Mittelfranken EM 2021"]
[Site "Nürnberg"]
[Date "2021.07.11"]
[Round "7.9"]
[White "Lorenz, Mathias"]
[Black "Bruss, Robert"]
[Result "0-1"]
[WhiteElo "1485"]
[BlackElo "1781"]
[PlyCount "154"]
[EventDate "2021.??.??"]
[WhiteTeam "SK Schwanstetten"]
[BlackTeam "SG Fuerth"]

1. e3 e5 2. d4 exd4 3. exd4 d5 4. Nf3 Bd6 5. Bg5 Ne7 6. c4 c6 7. c5 Bc7 8. Bd3
b6 9. O-O f6 10. Be3 Ba6 11. Bxa6 Nxa6 12. Qe2 Nb8 13. Re1 O-O 14. Nh4 Re8 15.
Qg4 Qd7 16. Qd1 g5 17. Nf3 Kg7 18. b4 Ng6 19. h3 h6 20. Bd2 f5 21. Rxe8 Qxe8
22. Bc3 Nd7 23. Qd3 Qe6 24. Bd2 g4 25. hxg4 fxg4 26. Nh2 Nf4 27. Bxf4 Bxf4 28.
Nf1 h5 29. Nc3 Nf6 30. Ne2 Bc7 31. Neg3 Kf7 32. Qf5 Re8 33. Qxe6+ Rxe6 34. Nf5
Ne4 35. N5e3 Rf6 36. Nd1 Kg6 37. a4 h4 38. Ra3 bxc5 39. dxc5 Be5 40. Rd3 Rf7
41. Nd2 Nxd2 42. Rxd2 a6 43. b5 axb5 44. axb5 cxb5 45. Rxd5 Bc7 46. c6 Rf5 47.
Rxf5 Kxf5 48. Ne3+ Ke4 49. Nxg4 b4 50. Ne3 b3 51. Nc4 Kd3 52. Nb2+ Kc3 53. Na4+
Kb4 54. Nb2 Kc5 55. Kf1 Kxc6 56. Ke2 Kd5 57. Kd3 Be5 58. Nd1 Bf6 59. Ne3+ Kc5
60. Nd1 Be5 61. Nc3 Kb4 62. Nb1 Bf4 63. Nc3 Ka3 64. Nd1 Ka2 65. Kc3 Be5+ 66.
Kd2 Kb1 67. Kd3 Kc1 68. Ke2 Bd4 69. Ke1 Kc2 70. f4 Kc1 71. Ke2 Bf6 72. f5 Be5
73. Ke1 Bg7 74. Ke2 Bf6 75. Ke1 Bd4 76. Ke2 Kc2 77. Ke1 Kd3 0-1

[Event "Mittelfranken EM 2021"]
[Site "Nürnberg"]
[Date "2021.07.11"]
[Round "7.10"]
[White "Albayrak, Berrak"]
[Black "Mankus, Siegfried"]
[Result "1/2-1/2"]
[WhiteElo "1473"]
[BlackElo "1494"]
[PlyCount "91"]
[EventDate "2021.??.??"]
[WhiteTeam "SC NT Nuernberg"]
[BlackTeam "Zabo-Eintracht Nuernberg"]

1. e4 e6 2. d4 d5 3. exd5 exd5 4. Bd3 Nf6 5. Bf4 Bd6 6. Ne2 Bxf4 7. Nxf4 Qd6 8.
Qe2+ Qe7 9. Qxe7+ Kxe7 10. O-O Re8 11. Re1+ Kf8 12. Nd2 Nc6 13. c3 Bd7 14. Nf3
h6 15. h4 Rxe1+ 16. Rxe1 Re8 17. Kf1 Rxe1+ 18. Kxe1 Ne7 19. Ne5 c6 20. Nxd7+
Nxd7 21. Kd2 g6 22. g4 Nf6 23. f3 Ne8 24. h5 g5 25. Ne2 Ng7 26. f4 f6 27. Ke3
Ne6 28. fxg5 fxg5 29. Ng3 Nf4 30. Bc2 a5 31. b3 Kf7 32. Bf5 Ne6 33. a3 b5 34.
Bd3 Nf4 35. Bf5 Ne6 36. Bc2 Kf6 37. Nf5 Nxf5+ 38. Bxf5 Ke7 39. Kd3 Nf4+ 40. Ke3
Kd6 41. Bd3 Nxd3 42. Kxd3 Kc7 43. b4 a4 44. Ke3 Kd6 45. Kd3 Ke6 46. Ke3 1/2-1/2

[Event "Mittelfranken EM 2021"]
[Site "Nürnberg"]
[Date "2021.07.11"]
[Round "7.11"]
[White "Sarcevic, Ivo"]
[Black "Weissmann, Peter"]
[Result "1/2-1/2"]
[WhiteElo "1643"]
[BlackElo "1736"]
[PlyCount "133"]
[EventDate "2021.??.??"]
[WhiteTeam "SW Nuernberg Sued"]
[BlackTeam "SG Fuerth"]

1. e4 e5 2. Nf3 f5 3. exf5 e4 4. Ne5 Qf6 5. Qh5+ g6 6. fxg6 hxg6 7. Qxg6+ Qxg6
8. Nxg6 Rh7 9. Nxf8 Kxf8 10. Nc3 Nc6 11. b3 Nf6 12. Ba3+ d6 13. O-O-O Bf5 14.
f3 exf3 15. gxf3 Nd4 16. Ne4 Nxe4 17. fxe4 Bxe4 18. Bd3 Bxd3 19. cxd3 Rh3 20.
Bb2 Rxd3 21. Bxd4 Rxd4 22. h4 Rf4 23. h5 Kg7 24. h6+ Kh7 25. Rdg1 Rg8 26. Rxg8
Kxg8 27. Rg1+ Kh7 28. Rg7+ Kxh6 29. Rxc7 Rb4 30. Kb2 Kg6 31. a3 Rb6 32. b4 Kf6
33. Kb3 Ke5 34. a4 a6 35. Rc4 d5 36. Rh4 Rf6 37. d4+ Kd6 38. Rh7 Kc6 39. Rh3
Kb6 40. Rc3 Rf4 41. a5+ Ka7 42. Rd3 Rf1 43. Ka4 Ra1+ 44. Kb3 b6 45. axb6+ Kxb6
46. Rc3 Rd1 47. Rc5 Rxd4 48. Kc3 Rd1 49. Kb3 Rb1+ 50. Ka2 Rd1 51. Kb2 d4 52.
Rd5 Kc6 53. Rd8 Kb5 54. Kc2 Ra1 55. Rxd4 Ka4 56. Kb2 Rh1 57. Kc3 Rb1 58. Rh4
Rb3+ 59. Kc2 Rg3 60. Kb2 Rf3 61. Rg4 Rb3+ 62. Ka2 Rh3 63. Kb2 Rb3+ 64. Ka2 Ra3+
65. Kb2 Rf3 66. Rh4 Rb3+ 67. Ka2 1/2-1/2